000 01038cam a22002655a 4500
001 L142002
002 16978
008 080118s2007 xxk 000 0 eng d
020 _a9781842193464
035 _a(Sirsi) u142002
041 0 _aeng
050 0 4 _a692.8 $2 18
100 1 _aConstable, Adam
245 0 0 _aCase in point
_bconstruction claims
260 _aLondon
_bRICS
_c2007
300 _axiv, 207p.
_c21cm.
490 0 _aRICS Case in Point Series
520 _aPractical casebook aimed at practitioners. Based on summaries of construction claims cases, with expert commentary. Covers payment claims, certification processes governing building contracts, variation claims, the effect of notification provisions, questions of delay and disruption, typical claims brought by employers regarding liquidated damages, termination and repudiatory breach.
521 2 _aAdvanced
590 _aKA
651 4 _aUnited Kingdom
_y
690 _aBUILT ENVIRONMENT-CONSTRUCTION MANAGEMENT
700 1 _aLamont, Calum
942 _n0
999 _c107820
_d107820